根据城区地形地图写出福建各地市 Fujian cities on urban topographic map - Statistics

General Stats
  • This quiz has been taken 56 times
  • The average score is 7 of 9
Answer Stats
Picture Answer % Correct
泉州
90%
福州
86%
厦门
84%
宁德
80%
南平
73%
三明
71%
龙岩
63%
漳州
63%
莆田
61%
No matching quizzes found
Score Distribution
Percent of People with Each Score
Percentile by Number Answered
Your Score History
You have not taken this quiz